កណ្តុរមួយ​ / (Record no. 8903)

MARC details
000 -LEADER
fixed length control field 02144nam a22002897a 4500
001 - CONTROL NUMBER
control field 8903
003 - CONTROL NUMBER IDENTIFIER
control field FISKH
005 - DATE AND TIME OF LATEST TRANSACTION
control field 20251030125152.0
008 - FIXED-LENGTH DATA ELEMENTS--GENERAL INFORMATION
fixed length control field 251030b cb ||||| |||| 00| 0 eng d
020 ## - INTERNATIONAL STANDARD BOOK NUMBER
International Standard Book Number 9789996389283
040 ## - CATALOGING SOURCE
Original cataloging agency FISKH
Language of cataloging khr
Transcribing agency FISKH
Modifying agency FISKH
082 ## - DEWEY DECIMAL CLASSIFICATION NUMBER
Classification number 398.2
100 ## - MAIN ENTRY--PERSONAL NAME
Personal name Anonymous
245 ## - TITLE STATEMENT
Title កណ្តុរមួយ​ /
Statement of responsibility, etc. By Anonymous
260 ## - PUBLICATION, DISTRIBUTION, ETC.
Place of publication, distribution, etc. Phnom Penh :
Name of publisher, distributor, etc. ក្រុមហ៊ុន អផ្សុក ,
Date of publication, distribution, etc. 2015.
300 ## - PHYSICAL DESCRIPTION
Extent 12 pages :
Other physical details color illustrations ;
Dimensions 21 cm .
490 ## - SERIES STATEMENT
Series statement និទានអប់រំសម្រាប់កុមារ
505 ## - FORMATTED CONTENTS NOTE
Formatted contents note J <br/>
520 ## - SUMMARY, ETC.
Summary, etc. ចុល្លកសេដ្ឋីជាបណ្ឌិតដែលមានប្រាជ្ញាឈ្លាសវៃ ។ ថ្ងៃមួយគាត់បានធ្វើដំណើរចូលវាំងក៏បានឃើញកណ្តុរមួយក្បាលងាប់នៅតាមផ្លូវ គាត់ក៏បានប្រទះឃើញបុរសក្រីក្រម្នាក់​ គាត់មើលឃើញថាបុរសក្រីក្រនោះជាមនុស្សឆ្លាតលោកក៏ប្រាប់អោយមនុស្សក្រីក្រនោះយកកណ្តុរទៅលក់។ គេក៏មានគំនិត​ល្អភ្លាម ។ ដោយសារតែភាពវៃឆ្លាតរបស់គេ​ គេក៏បានក្លាយជាអ្នកមាន​ ។​
520 ## - SUMMARY, ETC.
Summary, etc. The wealthy scholar Chullak was a wise and clever man. One day, while traveling into the palace, he saw a dead rat lying along the road. He also came across a poor man. Seeing that the poor man was intelligent, he advised him to take the rat and sell it. The poor man immediately had a good idea. Thanks to his cleverness, he became wealthy.
521 8# - TARGET AUDIENCE NOTE
Target audience note 500 <br/>
Source Lexile estimate <br/>
521 8# - TARGET AUDIENCE NOTE
Target audience note J <br/>
Source Raz-Plus <br/>
650 ## - SUBJECT ADDED ENTRY--TOPICAL TERM
Topical term or geographic name entry element កណ្តុរមួយ​
Form subdivision រឿងនិទានកុមារ
650 ## - SUBJECT ADDED ENTRY--TOPICAL TERM
Topical term or geographic name entry element A mouse
Form subdivision Children's Stories
942 ## - ADDED ENTRY ELEMENTS (KOHA)
Source of classification or shelving scheme Dewey Decimal Classification
Koha item type Khmer Books
Suppress in OPAC No
Holdings
Withdrawn status Lost status Source of classification or shelving scheme Damaged status Not for loan Collection Home library Current library Shelving location Date acquired Total Checkouts Full call number Barcode Date last seen Copy number Price effective from Koha item type
    Dewey Decimal Classification     Khmer Language Books / សៀវភៅភាសាខ្មែរ Footprints International School Library Network Toul Tom Poung Campus Footprints International School Library Network Toul Tom Poung Campus TTP Primary Khmer Bookshelves 10/30/2025   ANO 398.2 FIS04344 10/30/2025 1 10/30/2025 Khmer Books
    Dewey Decimal Classification     Khmer Language Books / សៀវភៅភាសាខ្មែរ Footprints International School Library Network Toul Tom Poung Campus Footprints International School Library Network Toul Tom Poung Campus TTP Primary Khmer Bookshelves 10/30/2025   ANO 398.2 FIS05020 10/30/2025 2 10/30/2025 Khmer Books
    Dewey Decimal Classification     Khmer Language Books / សៀវភៅភាសាខ្មែរ Footprints International School Library Network Toul Tom Poung Campus Footprints International School Library Network Toul Tom Poung Campus TTP Primary Khmer Bookshelves 12/11/2025   ANO 398.2 FIS04395 12/11/2025 3 12/11/2025 Khmer Books
    Dewey Decimal Classification     Khmer Language Books / សៀវភៅភាសាខ្មែរ Footprints International School Library Network Toul Tom Poung Campus Footprints International School Library Network Toul Tom Poung Campus TTP Primary Khmer Bookshelves 12/12/2025   ANO 398.2 FIS05022 12/12/2025 4 12/12/2025 Khmer Books